Tratado de la reforma del entendimiento y cartas II, IX, X, XXX, XXXVII y LX.
Saved in:
| Hovedforfatter: | |
|---|---|
| Andre forfattere: | , |
| Format: | Bog |
| Udgivet: |
Madrid, España:
Tecnos,
1989.
|
| Serier: | Clásicos del Pensamiento,
|
| Fag: | |
| Tags: |
Tilføj Tag
Ingen Tags, Vær først til at tagge denne postø!
|
MARC
| LEADER | 00000nam a22000007a 4500 | ||
|---|---|---|---|
| 003 | CL-VaPUC | ||
| 005 | 20220822114552.0 | ||
| 008 | 220707t1989 ||||| |||| 00| 0 eng d | ||
| 999 | |c 436795 |d 436793 | ||
| 020 | |a 84-309-1709-8 | ||
| 040 | |c Pontificia Universidad Católica de Valparaíso | ||
| 082 | 7 | |a 199.492 SPI 1989 |2 22 | |
| 100 | |a Spinoza, Baruch |d 1632-1677 |e 1632-1677 |9 534975 | ||
| 245 | 1 | 0 | |a Tratado de la reforma del entendimiento y cartas II, IX, X, XXX, XXXVII y LX. |
| 260 | |a Madrid, España: |b Tecnos, |c 1989. | ||
| 300 | |a XLIV, 88 páginas. | ||
| 490 | |a Clásicos del Pensamiento, |n 62. | ||
| 500 | |a c.1- Donación Familia Prof. Alejandro Guzmán Brito. | ||
| 500 | |a Prefacio a I y II partes de los Principios de la filosofía de Descartes, Luis Meyer | ||
| 583 | |c 20220707 |k Cristina María Rojas Aguilar | ||
| 650 | |a Filosofía moderna |y Siglo 17 |9 872407 | ||
| 650 | 0 | |a Filosofía holandesa |9 319728 | |
| 700 | |a Fernández, Lelio |e estudio preliminar, traducción y notas |9 872408 | ||
| 700 | |a Margot, Jean Paul |e estudio preliminar, traducción y notas |9 872409 | ||
| 942 | |2 ddc |c BK |n 0 | ||
| 952 | |0 0 |1 0 |2 ddc |4 0 |6 199_492000000000000_SPI_1989 |7 0 |8 C_AGB |9 584522 |a BIBDER |b BIBDER |d 2022-07-07 |e Donación |i 5652587 |o 199.492 SPI 1989 |p 5652587 |r 2023-01-25 |t 1 |w 2022-07-07 |y BK_US |k AGB | ||